000 00372nam a2200157Ia 4500
008 210210b1922 xxu||||| |||| 00| 0 eng d
041 _aeng
082 _a425/133
100 _aHOLME (J W)
245 _aEnglish prosody
260 _aLondon
_bLongman Green & Co Ltd.,
_c1922
650 _aprosody
650 _aEnglish
690 _aEnglish Language
906 _a005909
999 _c128926
_d128926